| 000 | 01685cam a22004577a 4500 | ||
|---|---|---|---|
| 003 | CHAP | ||
| 005 | 20220329142756.0 | ||
| 008 | 010920s2001 mx r 00010 spa d | ||
| 010 | _a87643 | ||
| 011 | _a88615 | ||
| 035 | _a99160 | ||
| 040 | _cCHAP | ||
| 090 | _aTesis | ||
| 100 | 0 | 0 |
_aCambrano Cruz, Juan. _917800 |
| 245 | 1 | 0 |
_aCriterios de clasificación de carne y canales bovinas en norteamerica _c/por Juan Cambrano Cruz y Jorge guzmán Legarrea |
| 260 |
_aChapingo, Méx. : _bEl autor, _c2003. |
||
| 300 |
_a90 h. : _bilus. |
||
| 502 | _aTesis (ing. Agr. Esp. en Zootecnia) -- UACH. Departamento de Zootecnia | ||
| 530 | _aTambién disponible en línea | ||
| 590 |
_aALEPH _b10 _c20130110 _lUCH01 _h1455 |
||
| 590 |
_aBATCH-UPD _b10 _c20130110 _lUCH01 _h0440 |
||
| 590 |
_aBATCH-UPD _b10 _c20130410 _lUCH01 _h0115 |
||
| 590 |
_aBATCH-UPD _b10 _c20130914 _lUCH01 _h0821 |
||
| 590 |
_aBATCH-UPD _b10 _c20140324 _lUCH01 _h1440 |
||
| 590 |
_aBATCH-UPD _b10 _c20141002 _lUCH01 _h0819 |
||
| 590 |
_aBATCH _b00 _c20181121 _lUCH01 _h0759 |
||
| 590 |
_aCONVERSION _b10 _c20130109 _lUCH01 _h1349 |
||
| 650 | 1 | 4 |
_aCarne de res en canal _xNormas de calidad. _919224 |
| 650 | 1 | 4 |
_aCarne _xAnálisis. _919061 |
| 650 | 1 | 4 |
_aCarne _xCalidad. _919064 |
| 650 | 1 | 4 |
_aCarne _xIndustria. _919079 |
| 650 | 1 | 4 |
_aGanado vacuno _zAmérica del Norte. _945527 |
| 700 | 0 |
_aGuzmán Legarrea, Jorge. _951969 |
|
| 856 |
_2Finding aid _uhttp://10.13.5.2/tesis/99160.pdf _zTeclea aqui |
||
| 856 |
_a1 _n0001191 |
||
| 901 | _aBK | ||
| 905 | _aAlejandra Carrasco M. | ||
| 942 | _cFOLL | ||
| 949 |
_aTesis _bBC _cTES _d33724000898623 _eTS2 _fc.2 _h41315 _i99160 _sb |
||
| 949 |
_aTesis _bBC _cTES _d991601 _eTS1 _h41314 _i99160 _sb |
||
| 999 |
_c87643 _d87643 |
||